| 000 | 00899nam a22002177a 4500 | ||
|---|---|---|---|
| 999 |
_c26389 _d26389 |
||
| 003 | BDDh-ASL | ||
| 005 | 20231016062614.0 | ||
| 008 | 201114s1973 b ||||| |||| 00| 0 b d | ||
| 040 |
_aBDDh-ASL _cBDDh-ASL |
||
| 041 | _aben | ||
| 082 |
_a928.9144 _bUDS |
||
| 100 |
_9768 _aউদ্দীন, মুহম্মদ মজির |
||
| 245 | 1 | 0 | _aসাহিত্য-শিল্পী বজলুর রশীদ / |
| 246 | _aSahitya Shilpi Bazlur Rashid | ||
| 260 |
_aরাজশাহী: _bউত্তর মৌসুম, _c১৯৭৩। |
||
| 300 |
_a৩১২ পৃষ্ঠা, : _c২২ সে. মি. |
||
| 504 | _aগ্রন্থপঞ্জি ও নিঘন্ট সংযুক্ত । | ||
| 600 | 1 | 0 |
_94860 _aরশীদ, বজলুর |
| 650 | 0 |
_abiographical dictionary - চরিতাভিধান _xসাহিত্য _94665 |
|
| 942 |
_2ddc _cBK |
||